As Longas viagens dos Bárbaros (Registo nº 4107)
[ vista simples ]
| 000 -Etiqueta do registo | |
|---|---|
| Cabeçalho | 00571nam a2200217 4500 |
| 005 - Identificador da versão | |
| Campo de controlo | 20240813122053.0 |
| 010 ## - Número internacional normalizado dos livros (ISBN) | |
| Número (ISBN) | 9722604783 |
| 100 ## - Dados gerais de processamento | |
| Dados gerais de processamento | 20000613d1991 a y0pory5003 ba |
| 102 ## - Pais de publicação ou produção | |
| País de publicação | Portugal |
| 101 0# - Língua de publicação | |
| Língua do texto, banda sonora, etc. | Português |
| 215 ## - Descrição física | |
| Indicação específica da natureza do documento e extensão da espécie | [17]f. |
| Outras indicações físicas | il. |
| Dimensões | 19cm |
| 200 1# - Titulo e menção de responsabilidade | |
| Título próprio | As Longas viagens dos Bárbaros |
| Primeira menção de responsabilidade | Odite Bombarde |
| Outras menções de responsabilidade | ilustrações de Donald Grant |
| 225 1# - Colecção | |
| Título próprio da colecção | Descobrir |
| Indicação de volume | 29 |
| 210 ## - Publicação, Distribuição, etc. | |
| Lugar da edição, distribuição, etc. | [S.l.] |
| Nome do editor, distribuidor, etc. | Civilização |
| Data da publicação, distribuição, etc. | 1991 |
| 675 ## - Classificação Decimal Universal (CDU) | |
| Notação | 93/94 |
| Edição | 2 |
| Língua da edição | por |
| 700 #1 - Nome de autor-pessoa física (responsabilidade principal) | |
| Número de registo de entrada de autoridade | 0000714 |
| Palavra de ordem | Bombarde |
| Outra parte do nome não tomada para palavra de ordem | Odile |
| 942 ## - Elementos de entrada adicionados (Koha) | |
| Tipo de item no Koha | Livro |
| Situação do levantamento | Origin of item (home branch) (coded) | Biblioteca de empréstimo | Código de barras | Cota | Circulation type (not for loan) | Tipo de documento | Nota do exemplar | Damaged status |
|---|---|---|---|---|---|---|---|---|
| Biblioteca Escolar das Vendas | Biblioteca Escolar das Vendas | BEV837 | 9UNI BOM | Livro | Sem mensagem |
